The book of symbols : reflections on archetypal images
Αποθηκεύτηκε σε:
| Άλλοι συγγραφείς: | , |
|---|---|
| Μορφή: | Βιβλίο |
| Γλώσσα: | English |
| Δημοσίευση: |
Köln :
Taschen,
c2010.
|
| Θέματα: | |
| Ετικέτες: |
Προσθήκη ετικέτας
Δεν υπάρχουν, Καταχωρήστε ετικέτα πρώτοι!
|
MARC
| LEADER | 00000cam a2200000 a 4500 | ||
|---|---|---|---|
| 001 | 1/111139 | ||
| 008 | 160617s2010####gw | ||| |||| ||eng|| | ||
| 020 | |a 9783836514484 | ||
| 040 | |a GR-MyUa |b gre |c GR-MyUa |e AACR2 | ||
| 041 | 0 | |a eng | |
| 082 | 7 | |a 302.2223 |2 (23) | |
| 245 | 0 | 4 | |a The book of symbols : |b reflections on archetypal images / |c editor-in-chief Ami Ronnberg ; editor Kathleen Martin. |
| 260 | |a Köln : |b Taschen, |c c2010. | ||
| 300 | |a 807 σ. : |b εικ. ; |c 25 εκ. | ||
| 500 | |a Άνω του τίτλου: The archive for research in archetypal symbolism. | ||
| 500 | |a Περιλαμβάνει ευρετήριο. | ||
| 650 | 0 | |a Signs and symbols. | |
| 650 | 0 | |a Symbolism. | |
| 650 | 0 | |a Archetype (Psychology) | |
| 700 | 1 | |a Ronnberg, Ami, |e edtf | |
| 700 | 1 | |a Martin, Kathleen, |d 1949- |e edtf | |
| 852 | |a INST |b SYROS |e 20160617 |h 302.2223 BOO |p 005500012649 |q 005500012649 |t BK |y 0 | ||
| 922 | |a 5ΕΛΗ |b 201605 |c Βιβλιοθήκη Σύρου |d Διαδρομές | ||
| 970 | |a Κοντού |b Παρασκευή |z 17/06/2016 | ||